Statistics for A Quiz about the Nordic Countries

Click here to take the quiz!

General Stats

  • This quiz has been taken 66 times
    (47 since last reset)
  • The average score is 19 of 50

Answer Stats

HintAnswer% Correct
CapitalOslo
100%
CapitalStockholm
88%
CapitalHelsinki
85%
CapitalReykjavik
85%
The two overseas territoriesGreenland
75%
Danish construction toys, Leg GodtLego
73%
The only Danish land border with this countryGermany
73%
World's largest furniture retailerIKEA
73%
Finland is called 'land of 1,000 ____', although at least 187,000 existLakes
70%
Norse seafarersVikings
60%
Faroe Islands
60%
Bronze statue, landmark of CopenhagenThe Little Mermaid
55%
Indigenous people living in LaplandSami
55%
Species of deer native to FinlandReindeer
50%
Finland vs. Soviet Union{Winter} War
50%
Most famous Icelandic singerBjörk
48%
Sea of Stockholm, Malmö or Sundsvall{Baltic} Sea
45%
It's capital is LongyearbyenSvalbard
45%
'Sweden' in SwedishSverige
43%
Amusement park and pleasure garden in CopenhagenTivoli
40%
The Danish capital in DanishKøbenhavn
40%
The only Finnish word which is commonly used in EnglishSauna
38%
Bokmål
35%
Largest islandGotland
35%
Hot spring which shoots out water and steam, StrokkurGeyser
35%
What does Teemu Selänne, Jokerit and Leijonat have in common?Ice hockey
30%
Two official forms of written NorwegianNynorsk
30%
The Icelandic national football team defeated this 'soccer-superpower' at Euro 2016England
30%
Bridge connecting Malmö with Copenhagen{Øresund} Bridge
30%
Footballer whose name became a verbZlatan Ibrahimovic
30%
Current monarchMargrethe II
25%
Smallest region of FinlandÅland Islands
25%
Largest Finnish lakeSaimaa
23%
Current monarchHarald V
23%
Main city of the island of FynOdense
23%
Finnish word for 'drinking by yourself at your house in your underwear with no intention of going out'Kalsarikännit
23%
Largest airport in IcelandKeflavík
23%
Traditional dish made from aged stockfishLutefisk
23%
Finnish word for 'welcome'Tervetuloa
23%
Heir apparent of King Carl XVI GustafVictoria
20%
Largest lake in the European UnionVänern
18%
Northernmost point on mainland Norway (although on an island)North Cape
18%
Wooden Christian church buildings{Stave} church
13%
Famous rock formation overtopping Lake Ringedalsvatnet, looking like a tongueTrolltunga
13%
Municipality in Northern Sweden, probably the largest municipality in the worldKiruna
13%
Biggest city outside the capital regionAkureyri
10%
This volcano created the highest level of air travel disruption since WWIIEyjafjallajökull
10%
Volcanic island formed in an eruption on 14 November 1963Surtsey
8%
Voted 'Best Restaurant in the World'Noma
5%
He's playing the villain Robbie Rotten (LazyTown)Stefán Karl Stefánsson
5%

Score Distribution

Percentile by Number Answered

Percent of People with Each Score

Your Score History

You have not taken this quiz since the last reset